000 01350cam a2200397 a 4500
001 13784303
003 PILC
005 20160114094558.0
008 041117r20051990mnua c 000 1 eng
010 _a 2004062300
020 _a086611453X
040 _aDLC
_cDLC
_dDLC
042 _alcac
050 0 0 _aPZ 7
_b.W453 1983
082 0 0 _aKF Il6we 1983
100 1 _aVogel, Malvina G.
_94290
245 1 4 _aThe war of the worlds
_cH.G. Wells ; adapted by Malvina G. Vogel ; illustrations by Brendan Lynch.
250 _aLibrary ed.
260 _aNew York :
_bWaldman & Son,
_cc1983.
300 _a238 p. :
_bill. ;
_c21 cm.
440 0 _aGreat illustrated classics
_93488
520 _aHumans battle evil aliens to save Earth and its people from certain doom when the Martians land in England.
526 _c450L to 920L
562 _e3
630 _aAdventure and adventures
_xFiction
_94291
648 _aWar
_xFiction.
_94292
650 1 _aScience fiction.
_93490
700 1 _aLynch, Brendan,
_eill.
_94293
700 1 _aWells, H. G.
_q(Herbert George),
_d1866-1946.
_tWar of the worlds.
_94294
906 _a7
_bcbc
_corignew
_d1
_eocip
_f20
_gy-gencatlg
942 _2lcc
_cBK
999 _c7864
_d7864